000 01120nac a22002411u 4500
010 _a 2005014585
020 _a9780521843195
020 _a0521843197
082 0 0 _a330.01518282
_bB273
090 _c2441
_d2441
100 _aBarreto, Humberto,
245 1 0 _aIntroductory econometrics :
_busing Monte Carlo simulation with Microsoft Excel /
_cHumberto Barreto, Frank M. Howland.
260 _aCambridge ;
_aNew York :
_bCambridge University Press,2006
_c2006.
300 _axxiii, 774 p. :
_bill. ;
_c26 cm. +
_e1 CD-ROM (4 3/4 in.)
504 _aIncludes bibliographical references and index.
650 0 _aEconometrics.
650 0 _aMonte Carlo method
_xData processing.
700 1 _aHowland, Frank M.,
_d1958-
856 4 1 _3Table of contents only
_uhttp://www.loc.gov/catdir/toc/ecip0513/2005014585.html
856 4 1 _3Publisher description
_uhttp://www.loc.gov/catdir/enhancements/fy0633/2005014585-d.html
942 _cBB
_k330.01518282 B273
999 _c2441
_d2441